000 00559nam a2200229Ia 4500
003 OSt
005 20221005131107.0
006 a|||||r|||| 00| 0
007 ta
008 221004b |||||||| |||| 00| 0 tam d
024 _a47444
037 _cTextual
040 _aCRL
_cCRL
_btam
041 _2tam
_atam
082 _aO31p211,N73, L3
245 0 _aSeminar collection, Madras 1973
260 _c1973
300 _a837
_ccm.
650 _aTAMIL LITERATURE
942 _hO31p211,N73, L3
_cTEXL
_2cc
999 _c1059309
_d1059309